[Event "WYCC 2018 O18"]
[Site "Halkidiki"]
[Date "2018.10.23"]
[Round "5"]
[White "Dobrovoljc, Vid"]
[Black "Gholami, Aryan"]
[Result "1/2-1/2"]
[WhiteElo "2309"]
[BlackElo "2493"]
[Annotator "TA"]
[PlyCount "109"]
[EventDate "2018.10.20"]
[EventType "swiss"]
[EventCountry "GRE"]
[SourceTitle "playchess.com"]
[Source "ChessBase"]
[SourceQuality "1"]

{[%evp 24,109,50,41,36,40,46,47,33,47,79,57,55,68,67,58,67,62,65,66,64,39,36,45,56,43,89,8,14,0,26,-14,-42,-21,-9,-14,0,-7,64,47,163,170,152,162,194,148,147,129,129,140,166,166,147,152,171,157,224,159,150,158,158,121,157,160,158,164,150,144,145,85,151,112,117,64,69,47,69,71,81,38,61,0,0,0,0,0,0,0]} 1. e4 e5 2. Nf3 Nc6 3. Bb5 a6 4. Ba4 Nf6 5. O-O Be7 6. d3 b5 7. Bb3 d6 8. a3 O-O 9. Nc3 Bg4 10. Be3 Nd4 {C84: Spanische Partie (Mittelgambit)} 11. Bxd4 exd4 12. Nd5 c6 (12... Nxd5 13. Bxd5 Rc8 14. a4 c6 15. Bb3 d5 16. h3 Bh5 17. axb5 axb5 18. exd5 {1-0 (47) Karjakin,S (2782)-Aronian,L (2764) Paris 2018}) 13. h3 {[#] LiveBook: 17 Partien. Sxf6+ ist eine echte Drohung.} cxd5 14. hxg4 dxe4 15. dxe4 Nxg4 16. Nxd4 Ne5 17. Bd5 $146 ({Vorgänger:} 17. a4 bxa4 18. Rxa4 {½-½ (31) Ostrovskiy,A (2401)-Charbonneau,P (2505) ICC INT 2015}) 17... Rc8 18. c3 Qb6 19. Qe2 Bf6 20. Rad1 {[%cal Ba1d1,Bd1d3,Bd3h3][%mdl 32]} g6 21. g4 {[%cal Bg2g4,Bg4g5][%mdl 32]} Bg7 22. g5 Nc4 23. f4 Qd8 24. Rd3 Nb6 25. Bb3 ({Lieber} 25. Bb7 $16) 25... Nc4 26. Rh3 Re8 27. Qg2 Qb6 28. Rd1 Qb7 29. Re1 Rc5 30. Ba2 Nxb2 (30... Rc7 $11) 31. Qxb2 $14 {Und Kh2 würde nun gewinnen.} Rxe4 (31... Qc8 $1 $14 32. f5 Rxc3 33. Rxc3 Bxd4+ 34. Ree3 Bxe3+ 35. Rxe3 gxf5) 32. Rxe4 $18 Qxe4 33. Ne2 d5 34. Bb1 Qe6 35. Rf3 Rc8 36. Qd2 Re8 37. Kf1 Bf8 38. Ba2 Bxa3 39. Bxd5 Qg4 (39... Qf5 $16 {war angesagt.} 40. Qd3 Qxd3 41. Rxd3 Re7) 40. Re3 Rxe3 41. Qxe3 {Weiss will mit De8+ Matt setzen.} Qf5 42. Qe8+ Kg7 43. Qc6 Be7 44. Be4 Qh3+ {[#]} 45. Ke1 $1 Qe3 46. Qd5 (46. Qb7 $142 Qc5 47. Qxa6) 46... Bc5 (46... Qc5 $142 47. Qxc5 Bxc5) 47. Qe5+ Kg8 48. Kd1 (48. Qb8+ $16 Kg7 49. Qe5+ Kg8 50. Kd1) 48... b4 49. cxb4 Bxb4 {[%csl Gb4][%cal Re3d2]} 50. Qb8+ Bf8 51. Qb7 {Und weiter mit Lc2 wäre nett.} a5 52. Bd5 ({Günstiger ist} 52. Qd5 $14) 52... Qd3+ $11 {Die Stellung ist ausgeglichen.} 53. Ke1 Bb4+ 54. Kf2 $1 ({Nur nicht} 54. Kf1 $2 Qd1+ 55. Kf2 Be1+ 56. Kf1 (56. Ke3 $2 Qd2+ 57. Ke4 Qxe2+ 58. Kd4 Qf2+ 59. Ke4 Qe2+ 60. Kd4 Qf2+ 61. Ke4 Qe2+ $19) 56... Bd2+ 57. Kf2 Qe1+ 58. Kf3 Qf1+ 59. Kg3 Be1+ 60. Kh2 Qxe2+ 61. Bg2 Bb4 $19) 54... Bc5+ 55. Ke1 {Precision: Weiß = 48%, Schwarz = 62%.} 1/2-1/2

[Event "WYCC 2018 O18"]
[Site "Halkidiki"]
[Date "2018.10.23"]
[Round "5"]
[White "Carnicelli, Valerio"]
[Black "Lindbol, Aleksander"]
[Result "0-1"]
[WhiteElo "2299"]
[BlackElo "2166"]
[Annotator "NA"]
[PlyCount "48"]
[EventDate "2018.10.20"]
[EventType "swiss"]
[EventCountry "GRE"]
[SourceTitle "playchess.com"]
[Source "ChessBase"]
[SourceQuality "1"]
[TimeControl "40/5400+30:1800+30"]

1. e4 {[%emt 0:00:00]} c6 {[%emt 0:00:04]} 2. d4 {[%emt 0:00:00]} d5 {[%emt 0:00:09]} 3. e5 {[%emt 0:00:00]} Bf5 {[%emt 0:00:28]} 4. Nc3 {[%emt 0:00:00]} e6 {[%emt 0:00:40]} 5. g4 {[%emt 0:00:00]} Bg6 {[%emt 0:00:07]} 6. Nge2 {[%emt 0:00:02]} Ne7 {[%emt 0:00:09]} 7. Nf4 {[%emt 0:00:37]} c5 {[%emt 0:00:15]} 8. h4 {[%emt 0:08:17]} cxd4 {[%emt 0:01:26]} 9. Nb5 {[%emt 0:01:39]} Nec6 {[%emt 0:00:08]} 10. h5 {[%emt 0:03:51]} Be4 {[%emt 0:00:20]} 11. f3 {[%emt 0:02:12]} a6 {[%emt 0:00:11] B12: Caro-Kann: Advance Variation} (11... Bxf3 12. Qxf3 Nxe5 13. Qg3 Nbc6 14. Nd3 f6 15. Nf4 Kd7 16. g5 f5 17. c3 dxc3 18. bxc3 Qa5 19. Bd2 Qa4 20. Be2 Bc5 21. Rh4 Ng4 22. Nd3 Be7 23. Qc7+ Ke8 24. Qxb7 {1-0 (24) Anand,V (2790)-Karpov,A (2679) Monte Carlo 2001}) 12. fxe4 {[%emt 0:03:38]} dxe4 {[%emt 0:00:40]} 13. Nd6+ {[%emt 0:02:27]} Bxd6 {[%emt 0:00:10]} 14. exd6 {[%emt 0:00:04]} Qxd6 {[%emt 0:00:46]} 15. Bg2 $146 {[%emt 0:00:38]} ({Predecessor:} 15. h6 g6 16. g5 O-O 17. Bg2 Qe5 18. O-O e3 19. Qg4 {0-1 (34) Toma,K (2198)-Czarnota,D (2115) Bartkowa 2002}) 15... f5 {[%emt 0:05:53]} 16. Qe2 {[%emt 0:12:12]} Nd7 {[%emt 0:13:15]} 17. Nxe6 {[%emt 0:13:37]} Qxe6 {[%emt 0:04:36]} 18. gxf5 {[%emt 0:00:25]} Qxf5 {[%emt 0:07:10]} 19. Bxe4 {[%emt 0:00:22]} Qe5 {[%emt 0:01:23]} 20. Rf1 $11 {[%emt 0:04:13]} O-O-O {[%emt 0:11:08]} 21. Bf4 {[%emt 0:04:45]} Qa5+ {[%emt 0:06:00]} 22. Bd2 {[%emt 0:00:35]} Qa4 {[%emt 0:02:30]} 23. a3 {[%emt 0:13:23]} Rhe8 {[%emt 0:04:03]} 24. O-O-O {[%emt 0:07:03]} d3 {[%emt 0:01:46]} 0-1

[Event "WYCC 2018 O18"]
[Site "Halkidiki"]
[Date "2018.10.23"]
[Round "5"]
[White "Risting, Eivind Olav"]
[Black "Asllani, Muhamet"]
[Result "1-0"]
[WhiteElo "2299"]
[BlackElo "2148"]
[Annotator "NA"]
[PlyCount "101"]
[EventDate "2018.10.20"]
[EventType "swiss"]
[EventCountry "GRE"]
[SourceTitle "playchess.com"]
[Source "ChessBase"]
[SourceQuality "1"]
[TimeControl "40/5400+30:1800+30"]

1. d4 {[%emt 0:00:00]} Nf6 {[%emt 0:00:00]} 2. c4 {[%emt 0:00:00]} e6 {[%emt 0:00:00]} 3. Nf3 {[%emt 0:00:01]} b6 {[%emt 0:00:06]} 4. a3 {[%emt 0:00:17]} Bb7 {[%emt 0:00:10]} 5. Nc3 {[%emt 0:00:14]} d5 {[%emt 0:00:19]} 6. cxd5 {[%emt 0:00:48]} Nxd5 {[%emt 0:00:15]} 7. Qc2 {[%emt 0:00:17]} Nxc3 {[%emt 0:00:57]} 8. Qxc3 {[%emt 0:07:17]} Be7 {[%emt 0:03:21]} 9. Bf4 {[%emt 0:00:25]} Bd6 {[%emt 0:01:16] E12: Queen's Indian: Unusual White 4th moves, 4 a3, 4 Nc3 Bb7 5 a3 and 4 Nc3 Bb7} 10. Bg5 {[%emt 0:05:58]} (10. Bg3 O-O 11. e3 Nd7 12. Bd3 Rc8 13. Qc2 g6 14. Be4 Bxe4 15. Qxe4 Bxg3 16. hxg3 c5 17. g4 cxd4 18. exd4 {0-1 (46) Razin,V (2381)-Socko,B (2593) Katowice 2018}) 10... f6 {[%emt 0:04:02] LiveBook: 16 Games} 11. Bh4 {[%emt 0:03:30]} O-O {[%emt 0:04:12]} 12. e3 {[%emt 0:03:56]} Qe7 {[%emt 0:02:29]} 13. Bg3 {[%emt 0:02:42]} Nd7 {[%emt 0:03:40]} 14. Bc4 {[%emt 0:11:38]} Rac8 {[%emt 0:02:41]} 15. O-O {[%emt 0:03:14]} Bxg3 {[%emt 0:00:46]} 16. hxg3 {[%emt 0:00:35]} c5 {[%emt 0:00:47]} 17. Qb3 $146 {[%emt 0:01:39]} ({Predecessor:} 17. Rad1 Kh8 18. Qb3 Rfe8 {½-½ (44) Romm,M (2323)-Skarba,S (2344) ICCF email 2008}) 17... Rfe8 {[%emt 0:07:19]} 18. Rac1 {[%emt 0:06:57]} Nf8 {[%emt 0:10:24]} 19. Rfd1 {[%emt 0:03:45]} Bxf3 {[%emt 0:02:27]} 20. gxf3 {[%emt 0:00:05]} cxd4 {[%emt 0:00:16]} 21. exd4 {[%emt 0:03:16]} Rc7 {[%emt 0:06:43]} 22. Re1 $14 {[%emt 0:06:54]} Kh8 {[%emt 0:08:13]} 23. Rcd1 {[%emt 0:03:41]} Qd6 {[%emt 0:12:09]} 24. f4 {[%emt 0:07:29]} Ree7 {[%emt 0:04:12]} 25. Re3 {[%emt 0:03:48]} g6 {[%emt 0:04:28]} 26. Be2 {[%emt 0:01:50]} Kg7 {[%emt 0:00:43]} 27. Bf3 {[%emt 0:02:00]} Rc8 {[%emt 0:03:56]} 28. Kg2 {[%emt 0:01:47]} Rec7 {[%emt 0:00:23]} 29. d5 {[%emt 0:06:52]} e5 {[%emt 0:02:28]} 30. fxe5 {[%emt 0:00:11]} fxe5 {[%emt 0:00:00]} 31. Rde1 {[%emt 0:01:11]} Re8 {[%emt 0:00:19]} 32. Qb4 {[%emt 0:02:09]} Rc5 {[%emt 0:00:35]} 33. Qd2 {[%emt 0:02:06]} Nd7 {[%emt 0:00:34]} 34. b4 {[%emt 0:00:14]} Rc7 {[%emt 0:00:20]} 35. Qb2 {[%emt 0:01:47]} Kg8 {[%emt 0:03:30]} 36. Kh2 {[%emt 0:00:31]} h5 {[%emt 0:01:19]} 37. Bd1 {[%emt 0:00:53]} Rf8 {[%emt 0:01:10]} 38. f4 {[%emt 0:02:30]} Kh7 {[%emt 0:07:04]} 39. fxe5 {[%emt 0:02:35]} Qxd5 {[%emt 0:00:10]} 40. e6 {[%emt 0:00:00]} Nb8 {[%emt 0:00:00]} 41. Re5 {[%emt 0:14:44]} Qd6 {[%emt 0:08:10]} 42. e7 {[%emt 0:04:11]} Re8 {[%emt 0:00:33]} 43. Re6 {[%emt 0:00:44]} Qd3 {[%emt 0:00:59]} 44. Qf6 {[%emt 0:01:12]} Rcc8 45. Qf7+ {[%emt 0:01:09]} Kh6 {[%emt 0:03:25]} 46. Rxg6+ {[%emt 0:00:42]} Qxg6 {[%emt 0:00:28]} 47. Re6 {[%emt 0:00:04]} Qxe6 {[%emt 0:00:30]} 48. Qxe6+ {[%emt 0:00:05]} Kg5 {[%emt 0:00:16]} 49. Qe5+ {[%emt 0:00:16]} Kh6 {[%emt 0:00:09]} 50. Qf6+ {[%emt 0:00:51]} Kh7 {[%emt 0:00:06]} 51. Bxh5 {[%emt 0:00:54]} 1-0

[Event "WYCC 2018 O18"]
[Site "Halkidiki"]
[Date "2018.10.23"]
[Round "5"]
[White "Kandil, Adham"]
[Black "Bremner, William"]
[Result "1-0"]
[WhiteElo "2292"]
[BlackElo "2046"]
[Annotator "NA"]
[PlyCount "81"]
[EventDate "2018.10.20"]
[EventType "swiss"]
[EventCountry "GRE"]
[SourceTitle "playchess.com"]
[Source "ChessBase"]
[SourceQuality "1"]
[TimeControl "40/5400+30:1800+30"]

1. e4 {[%emt 0:00:00]} c6 {[%emt 0:00:00]} 2. d4 {[%emt 0:00:00]} d5 {[%emt 0:00:00]} 3. exd5 {[%emt 0:00:20]} cxd5 {[%emt 0:00:00]} 4. c4 {[%emt 0:00:11]} Nf6 {[%emt 0:00:04]} 5. Nc3 {[%emt 0:00:15]} Nc6 {[%emt 0:00:14]} 6. Bg5 {[%emt 0:00:13]} dxc4 {[%emt 0:00:12]} 7. Bxc4 {[%emt 0:00:44]} h6 {[%emt 0:01:23] B13: Caro-Kann: Exchange Variation and Panov-Botvinnik Attack} 8. Bxf6 {[%emt 0:00:52]} (8. Be3 e6 9. Nf3 Bd6 10. O-O O-O 11. Rc1 b6 12. Qa4 Bb7 13. Rfd1 Ne7 14. Ne5 Ned5 15. Ba6 Bxa6 16. Qxa6 Nxc3 17. bxc3 {½-½ (38) Naiditsch,A (2697)-Sebag,M (2486) Brest 2018}) 8... exf6 {[%emt 0:00:49]} 9. Nge2 {[%emt 0:03:59]} Bd6 {[%emt 0:04:04]} 10. d5 $146 {[%emt 0:08:51]} ({Predecessor:} 10. O-O O-O 11. Qd2 Bf5 12. Rad1 Re8 13. Bd3 Qd7 14. Bxf5 Qxf5 15. Ng3 {0-1 (35) Fernandez Fuentes,F (2131)-Avila Jimenez,X (2220) Catalunya 2014}) 10... Ne5 {[%emt 0:05:09]} 11. Bb5+ {[%emt 0:00:04]} Bd7 {[%emt 0:04:14]} 12. f4 {[%emt 0:04:27]} Ng4 {[%emt 0:12:08]} 13. Qa4 {[%emt 0:02:21]} a6 {[%emt 0:07:57]} 14. Qe4+ {[%emt 0:03:32]} Kf8 {[%emt 0:04:46]} 15. Bxd7 {[%emt 0:04:22]} Qxd7 {[%emt 0:00:12]} 16. Qd4 {[%emt 0:07:37]} f5 {[%emt 0:05:42]} 17. h3 {[%emt 0:02:14]} Nf6 {[%emt 0:00:21]} 18. O-O {[%emt 0:02:36]} Rc8 {[%emt 0:03:51]} 19. Kh1 {[%emt 0:00:57]} Bc5 {[%emt 0:01:52]} 20. Qd3 {[%emt 0:00:21]} g6 {[%emt 0:01:48]} 21. Ng1 {[%emt 0:03:45]} Bxg1 {[%emt 0:04:27]} 22. Kxg1 {[%emt 0:02:25]} Kg7 {[%emt 0:00:57]} 23. Rae1 {[%emt 0:00:24]} Rhd8 {[%emt 0:03:29]} 24. Re5 $17 {[%emt 0:01:27]} Qd6 {[%emt 0:03:03]} 25. Rfe1 {[%emt 0:00:58]} Qb6+ {[%emt 0:05:14]} 26. R1e3 {[%emt 0:03:02]} Qxb2 {[%emt 0:03:42]} 27. Qd4 {[%emt 0:00:58]} Kg8 {[%emt 0:08:16]} 28. Kh2 {[%emt 0:07:16]} Ne4 {[%emt 0:01:24]} 29. Re7 {[%emt 0:06:29]} Rxc3 {[%emt 0:06:48]} 30. R7xe4 {[%emt 0:00:21]} fxe4 {[%emt 0:06:23]} 31. Rxc3 {[%emt 0:00:16]} Qxa2 {[%emt 0:00:32]} 32. Rc5 {[%emt 0:01:08]} b6 {[%emt 0:01:06]} 33. Rc4 {[%emt 0:00:26]} b5 {[%emt 0:01:25]} 34. Rc5 {[%emt 0:00:05]} Qb1 {[%emt 0:00:58]} 35. Qf6 {[%emt 0:01:47]} Rf8 {[%emt 0:00:49]} 36. d6 {[%emt 0:01:16]} Qd3 {[%emt 0:00:41]} 37. Qe7 {[%emt 0:00:27]} Qe3 {[%emt 0:01:06]} 38. Qe5 {[%emt 0:03:10]} Qd2 {[%emt 0:02:45]} 39. Rd5 {[%emt 0:00:20]} Qc1 {[%emt 0:01:02]} 40. d7 {[%emt 0:00:00]} Qc6 {[%emt 0:00:00]} 41. d8=Q {[%emt 0:00:29]} 1-0

[Event "WYCC 2018 O18"]
[Site "Halkidiki"]
[Date "2018.10.23"]
[Round "5"]
[White "Martinez Fernandez, Adrian"]
[Black "Torres Cueto, Jesus Marcial"]
[Result "0-1"]
[WhiteElo "2277"]
[BlackElo "2078"]
[Annotator "NA"]
[PlyCount "180"]
[EventDate "2018.10.20"]
[EventType "swiss"]
[EventCountry "GRE"]
[SourceTitle "playchess.com"]
[Source "ChessBase"]
[SourceQuality "1"]
[TimeControl "40/5400+30:1800+30"]

1. e4 {[%emt 0:00:00]} e6 {[%emt 0:00:18]} 2. d4 {[%emt 0:00:00]} d5 {[%emt 0:00:02]} 3. Nd2 {[%emt 0:00:00]} c5 {[%emt 0:00:15]} 4. exd5 {[%emt 0:00:11]} Qxd5 {[%emt 0:00:08]} 5. Ngf3 {[%emt 0:00:06]} cxd4 {[%emt 0:00:05]} 6. Bc4 {[%emt 0:00:06]} Qd6 {[%emt 0:00:05]} 7. O-O {[%emt 0:00:20]} Nf6 {[%emt 0:00:04]} 8. Nb3 {[%emt 0:00:10]} Nc6 {[%emt 0:00:08]} 9. Nbxd4 {[%emt 0:00:08]} Nxd4 {[%emt 0:00:09]} 10. Nxd4 {[%emt 0:00:06]} Bd7 {[%emt 0:02:54]} 11. Re1 {[%emt 0:04:06]} Be7 {[%emt 0:03:08]} 12. c3 {[%emt 0:08:31]} O-O {[%emt 0:02:17]} 13. Qf3 {[%emt 0:00:52] C07: French Tarrasch: 3...c5, 4 Ngf3 and 4 exd5 Qxd5} Qc5 {[%emt 0:06:14]} (13... Qb6 14. a4 Rfc8 15. a5 Qd8 16. Bf1 Bd6 17. Bg5 h6 18. Bxf6 Qxf6 19. Qxb7 e5 20. Qxd7 exd4 21. cxd4 {1-0 (29) Zhou,J (2595)-Xu,Y (2536) Beijing 2017}) 14. Bf1 $146 {[%emt 0:01:53]} ({Predecessor:} 14. Bd3 Nd5 15. Bd2 Rfd8 16. Rad1 Qb6 17. Be4 Bf6 18. Bc1 Rac8 19. Rd3 a6 20. Nxe6 fxe6 {1-0 (34) Deforel,J (2273)-Martins Barriga,F (2303) ICCF email 2010}) 14... Qd5 {[%emt 0:06:33]} 15. Qxd5 {[%emt 0:12:06]} Nxd5 {[%emt 0:00:09]} 16. c4 {[%emt 0:06:03]} Nb6 {[%emt 0:04:10]} 17. Be3 {[%emt 0:04:32]} Rac8 {[%emt 0:03:27]} 18. Rac1 {[%emt 0:01:14]} Bb4 {[%emt 0:04:37]} 19. Red1 {[%emt 0:02:03]} Bc5 {[%emt 0:05:43]} 20. Be2 {[%emt 0:07:09]} e5 {[%emt 0:05:42]} 21. Nf3 {[%emt 0:00:45]} Bxe3 {[%emt 0:01:25]} 22. fxe3 {[%emt 0:00:14]} Be6 {[%emt 0:02:08]} 23. b3 {[%emt 0:05:00]} f6 {[%emt 0:03:31]} 24. Nd2 {[%emt 0:04:43]} f5 $16 {[%emt 0:09:52]} (24... Rfd8 $14) 25. Nf3 {[%emt 0:00:38]} Nd7 {[%emt 0:04:48]} 26. Ng5 {[%emt 0:06:57]} Nc5 {[%emt 0:00:13]} 27. b4 {[%emt 0:00:40]} h6 {[%emt 0:00:09]} 28. Nxe6 {[%emt 0:00:13]} Nxe6 {[%emt 0:00:06]} 29. Rd6 {[%emt 0:04:11]} Ng5 {[%emt 0:04:31]} 30. Rd7 {[%emt 0:02:43]} Rf7 {[%emt 0:00:33]} 31. Rcd1 {[%emt 0:00:20]} Rc7 {[%emt 0:00:43]} 32. Rxc7 {[%emt 0:00:59]} Rxc7 {[%emt 0:00:02]} 33. Rd5 {[%emt 0:00:23]} Nf7 {[%emt 0:04:13]} 34. c5 {[%emt 0:02:58]} g6 {[%emt 0:00:14]} 35. a4 {[%emt 0:05:36]} Kf8 {[%emt 0:00:25]} 36. b5 {[%emt 0:02:13]} Ke7 {[%emt 0:00:30]} 37. Bc4 {[%emt 0:00:36]} e4 {[%emt 0:05:12]} 38. h4 {[%emt 0:03:34]} h5 {[%emt 0:00:33]} 39. Kf2 {[%emt 0:03:32]} Kf6 {[%emt 0:01:19]} 40. Be2 {[%emt 0:00:00]} Ke6 {[%emt 0:00:00]} 41. b6 {[%emt 0:22:29]} axb6 {[%emt 0:01:40]} 42. cxb6 {[%emt 0:00:02]} Rc2 {[%emt 0:01:55]} 43. Rb5 {[%emt 0:00:10]} Nd6 {[%emt 0:05:45]} 44. Rb4 {[%emt 0:01:05]} Ra2 {[%emt 0:00:32]} 45. Kf1 {[%emt 0:03:46]} Kd5 {[%emt 0:00:25]} 46. Bb5 {[%emt 0:01:20]} Kc5 {[%emt 0:00:16]} 47. Rb1 {[%emt 0:01:50]} Nxb5 {[%emt 0:06:34]} 48. Rxb5+ {[%emt 0:00:07]} Kc4 {[%emt 0:00:07]} 49. Rb1 {[%emt 0:03:36]} Rxa4 {[%emt 0:02:12]} 50. Rc1+ {[%emt 0:04:38]} Kd3 {[%emt 0:00:08]} 51. Kf2 {[%emt 0:00:46]} Ra2+ {[%emt 0:00:10]} 52. Kg3 {[%emt 0:00:05]} Rb2 {[%emt 0:02:26]} 53. Kf4 {[%emt 0:00:27]} Rxb6 {[%emt 0:00:05]} 54. Rd1+ {[%emt 0:00:08]} Ke2 {[%emt 0:01:05]} 55. Rd7 {[%emt 0:01:42]} Kf1 {[%emt 0:01:23]} 56. g3 {[%emt 0:01:26]} Kg2 {[%emt 0:00:36]} 57. Rg7 {[%emt 0:00:47]} Kh3 {[%emt 0:00:15]} 58. Rg8 {[%emt 0:00:06]} Rc6 {[%emt 0:00:29]} 59. Rg7 {[%emt 0:00:16]} b6 {[%emt 0:00:16]} 60. Rb7 {[%emt 0:00:47]} Kg2 {[%emt 0:00:05]} 61. Rd7 {[%emt 0:00:55]} Kf2 {[%emt 0:00:12]} 62. Rd2+ {[%emt 0:00:08]} Ke1 {[%emt 0:00:05]} 63. Rb2 {[%emt 0:00:04]} Kd1 {[%emt 0:00:07]} 64. Kg5 {[%emt 0:00:28]} Kc1 {[%emt 0:00:17]} 65. Rb5 {[%emt 0:00:19]} Kd2 {[%emt 0:00:16]} 66. Rb3 {[%emt 0:00:06]} Kc2 {[%emt 0:00:05]} 67. Rb5 {[%emt 0:00:04]} Kd3 {[%emt 0:00:06]} 68. Rb3+ {[%emt 0:00:35]} Kc4 {[%emt 0:00:42]} 69. Rb1 {[%emt 0:00:34]} Kd5 {[%emt 0:00:12]} 70. Rd1+ {[%emt 0:00:49]} Kc4 {[%emt 0:01:40]} 71. Rc1+ {[%emt 0:02:02]} Kb5 {[%emt 0:00:14]} 72. Rb1+ {[%emt 0:03:28]} Ka4 {[%emt 0:00:05]} 73. Ra1+ {[%emt 0:00:03]} Kb3 {[%emt 0:00:10]} 74. Rb1+ {[%emt 0:00:19]} Kc2 {[%emt 0:00:55]} 75. Rb5 {[%emt 0:00:08]} Kd3 {[%emt 0:00:05]} 76. Rb3+ {[%emt 0:01:20]} Kc4 {[%emt 0:00:12]} 77. Rb1 {[%emt 0:00:01]} b5 {[%emt 0:00:18]} 78. Rc1+ {[%emt 0:00:04]} Kd5 {[%emt 0:00:05]} 79. Rd1+ {[%emt 0:00:03]} Ke5 {[%emt 0:00:54]} 80. Rd8 {[%emt 0:00:10]} Rb6 {[%emt 0:00:14]} 81. Ra8 {[%emt 0:03:06]} Kd5 {[%emt 0:00:23]} 82. Rd8+ {[%emt 0:03:26]} Kc4 {[%emt 0:00:05]} 83. g4 {[%emt 0:00:05]} hxg4 {[%emt 0:00:12]} 84. h5 {[%emt 0:00:06]} gxh5 {[%emt 0:00:05]} 85. Kxf5 {[%emt 0:00:04]} b4 {[%emt 0:01:08]} 86. Kxe4 {[%emt 0:00:15]} b3 {[%emt 0:00:10]} 87. Rc8+ {[%emt 0:00:06]} Kb4 {[%emt 0:00:05]} 88. Kd3 {[%emt 0:00:16]} Rb5 {[%emt 0:01:47]} 89. Kd2 {[%emt 0:01:35]} b2 {[%emt 0:00:12]} 90. Kc2 {[%emt 0:01:18]} Rc5+ {[%emt 0:00:05] Kc3+} 0-1

[Event "WYCC 2018 O18"]
[Site "Halkidiki"]
[Date "2018.10.23"]
[Round "5"]
[White "Alexiadis, Hristos"]
[Black "Manu David Suthandram R"]
[Result "1/2-1/2"]
[WhiteElo "2263"]
[BlackElo "1970"]
[Annotator "NA"]
[PlyCount "69"]
[EventDate "2018.10.20"]
[EventType "swiss"]
[EventCountry "GRE"]
[SourceTitle "playchess.com"]
[Source "ChessBase"]
[SourceQuality "1"]
[TimeControl "40/5400+30:1800+30"]

1. d4 {[%emt 0:00:00]} Nf6 {[%emt 0:00:02]} 2. c4 {[%emt 0:00:00]} e5 {[%emt 0:00:07]} 3. dxe5 {[%emt 0:00:43]} Ng4 {[%emt 0:00:07]} 4. e3 {[%emt 0:02:29]} Nxe5 {[%emt 0:00:11]} 5. Nh3 {[%emt 0:01:29]} Bb4+ {[%emt 0:03:41]} 6. Bd2 {[%emt 0:01:18]} Bxd2+ {[%emt 0:00:38]} 7. Qxd2 {[%emt 0:02:26]} O-O {[%emt 0:01:24]} 8. Nf4 {[%emt 0:00:16]} d6 {[%emt 0:02:00]} 9. Nc3 {[%emt 0:00:32] LiveBook: 8 Games} Re8 $146 {[%emt 0:00:23] A52: Budapest Gambit} ({Predecessor:} 9... Nbc6 10. Be2 Ne7 11. O-O N7g6 12. Rad1 Nxf4 13. exf4 Nd7 14. Bf3 a5 15. Ne4 Qh4 16. g3 Qh6 17. Rfe1 {½-½ (41) Sakaev,K (2594)-Shcherbakov,R (2516) Sochi 2016}) 10. Be2 {[%emt 0:00:32]} b6 {[%emt 0:00:27]} 11. O-O {[%emt 0:02:02]} Bb7 {[%emt 0:00:04]} 12. Nfd5 {[%emt 0:05:56]} c6 {[%emt 0:06:09]} 13. Nf4 {[%emt 0:00:35]} Qe7 {[%emt 0:00:09]} 14. Rad1 {[%emt 0:01:49]} Rd8 {[%emt 0:02:34]} 15. Rfe1 {[%emt 0:02:29]} Na6 {[%emt 0:00:24]} 16. Qd4 {[%emt 0:05:18]} Nc5 {[%emt 0:00:11]} 17. b4 {[%emt 0:00:38]} Ne6 {[%emt 0:00:46]} 18. Qd2 {[%emt 0:03:16]} Nc7 {[%emt 0:05:31]} 19. b5 {[%emt 0:16:10]} cxb5 {[%emt 0:00:08]} 20. cxb5 {[%emt 0:01:40]} d5 {[%emt 0:02:49]} 21. Qd4 {[%emt 0:00:58]} Ng6 {[%emt 0:03:36]} 22. Nxg6 {[%emt 0:02:55]} hxg6 {[%emt 0:00:26]} 23. Rc1 {[%emt 0:07:18]} Ne6 {[%emt 0:02:37]} 24. Qe5 {[%emt 0:00:23]} d4 {[%emt 0:02:07]} 25. exd4 {[%emt 0:00:11]} Rxd4 {[%emt 0:00:07]} 26. h3 {[%emt 0:11:24]} Qb4 {[%emt 0:06:07]} 27. Bg4 {[%emt 0:02:10]} Nf4 {[%emt 0:02:39]} 28. a3 {[%emt 0:04:12]} Qd6 {[%emt 0:06:45]} 29. Qxd6 {[%emt 0:08:20]} Rxd6 {[%emt 0:00:05]} 30. Rcd1 {[%emt 0:00:21]} Rxd1 {[%emt 0:01:47]} 31. Rxd1 {[%emt 0:00:13]} f5 $11 {[%emt 0:00:53]} 32. Rd4 {[%emt 0:08:30]} Rc8 {[%emt 0:02:13]} 33. Rxf4 {[%emt 0:01:25]} Rxc3 {[%emt 0:05:50]} 34. Be2 {[%emt 0:00:05]} Be4 {[%emt 0:00:07]} 35. h4 {[%emt 0:01:34]} 1/2-1/2